| 000 | 00751nam a22002417i 4500 | ||
|---|---|---|---|
| 003 | DO-SdBNP | ||
| 005 | 20250606085453.0 | ||
| 007 | ta | ||
| 008 | 250606b2012 |||||||| |||| 00| 0 spa d | ||
| 020 | _a9789589875889 | ||
| 040 |
_aDO-SdBNP _bsp _cBNPHU _erda |
||
| 041 | _hsp | ||
| 082 |
_axxx _bL697 _222 |
||
| 245 | 0 |
_aEl libro del carnaval internacional de las artes 2011 : _bediciones la cueva / _cEditor Heriberto Fiorillo |
|
| 264 |
_aBogotá, Colombia : _bPanamericana Formas e Impresos, _c2012 |
||
| 300 |
_a253 páginas : _bilustraciones ; _c24 cm |
||
| 336 |
_ardacontent _btexto _2txt |
||
| 337 |
_ardamedia _bsin mediación _2n |
||
| 338 |
_ardacarrier _bvolumen _2nc |
||
| 590 | _aInventyariado, 2025/DG | ||
| 910 | _aDG | ||
| 942 |
_2ddc _cLBS1 |
||
| 999 |
_c59150 _d59150 |
||